000 00524 a2200157 4500
999 _c4153
_d4153
020 _a9781446203255
050 _aLB 2395 BUR 2008
100 _aBurns, Tom
_eAuthor
245 _aEssential study skills:
_bthe complete guide to success at University /
_cTom Burns and Sandra Sinfield
264 _aLondon:
_bSage Publicatiosn Ltd,
_c2008
300 _avi, 460p. :
_bill.
500 _aIncludes index
650 _aHigher education
_xStudy guides
700 _aSandra, Sinfield
_eAuthor
942 _2lcc
_cBK
_e3rd ed.
_h2395
_iBUR
_kLB